Khadi: Innovations crafting new trends (Record no. 532364)

000 -LEADER
fixed length control field 00938nam a22001337a 4500
008 - FIXED-LENGTH DATA ELEMENTS--GENERAL INFORMATION
fixed length control field 260130b ||||| |||| 00| 0 eng d
100 ## - MAIN ENTRY--PERSONAL NAME
Personal name Sharma, Rashi
245 ## - TITLE STATEMENT
Title Khadi: Innovations crafting new trends
260 ## - PUBLICATION, DISTRIBUTION, ETC. (IMPRINT)
Place of publication, distribution, etc Kurukshetra
300 ## - PHYSICAL DESCRIPTION
Extent 74(2), Dec, 2025: p.5-8
520 ## - SUMMARY, ETC.
Summary, etc Khadi, India’s laconic hand spum and hand-woven fabric, has undergone profound transformation from its origins in ancient India to its contemporary relevance in sustainable global fashion. Historically associated with the Swadesh movement and Gandhian ideals of self reliance. Khadi experienced a period of stagnation. However, it has now re emerged as a premium, eco-conscious textile embraced by designers, policymakers, and consumers. This article analyses the evolution of Khadi, recent shifts in public perception, and the socioeconomic and cultural forces driving its revival. – Reproduced
773 ## - HOST ITEM ENTRY
Main entry heading Kurukshetra
942 ## - ADDED ENTRY ELEMENTS (KOHA)
Item type Articles
Holdings
Withdrawn status Lost status Source of classification or shelving scheme Damaged status Not for loan Permanent location Current location Date acquired Serial Enumeration / chronology Barcode Date last seen Koha item type
          Indian Institute of Public Administration Indian Institute of Public Administration 2026-01-30 74(2), Dec, 2025: p.5-8 AR137986 2026-01-30 Articles

Powered by Koha